000 00425 a2200169 4500
001 182108
020 _a85-329-0660-5
040 _cMagnum
100 _aRodrigues, Luiz Oswaldo Carneiro
240 1 0 _aO segredo do águas virtuosas futebol clube
_lpor
245 1 0 _aO segredo do águas virtuosas futebol clube
300 _a35
362 0 _a2003
440 1 _a
697 _aLITERATURA INFANTO-JUVENIL
942 _cBK
999 _c182108
_d182108